Bleach Manga Quiz - Statistics

General Stats
  • This quiz has been taken 763 times
  • The average score is 10 of 15
Answer Stats
Hint Answer % Correct
Ichimaru Gin
92%
Kurosaki Ichigo
91%
Kuchiki Rukia
91%
Zaraki Kenpachi
90%
Kuchiki Byakuya
87%
Aizen Sosuke
84%
Hitsugaya Tōshirō
78%
Kurotsuchi Mayuri
71%
Kyōraku Shunsui
68%
Shigekuni Yamamoto Genryūsai
66%
Tōsen Kaname
57%
Ukitake Jūshirō
49%
Komamura Sajin
45%
Unohana Yachiru
42%
Fon Shaolin
5%
No matching quizzes found
Score Distribution
Percent of People with Each Score
Percentile by Number Answered
Your Score History
You have not taken this quiz